Micro-nanorobotic manipulation system and their applications (Record no. 578530)

000 -LEADER
fixed length control field 00583nam a22001937a 4500
003 - CONTROL NUMBER IDENTIFIER
control field CEME
005 - DATE AND TIME OF LATEST TRANSACTION
control field 20210628204820.0
008 - FIXED-LENGTH DATA ELEMENTS--GENERAL INFORMATION
fixed length control field 200311b xxu||||| |||| 00| 0 eng d
020 ## - INTERNATIONAL STANDARD BOOK NUMBER
International Standard Book Number 9783642363900
040 ## - CATALOGING SOURCE
Transcribing agency xx
082 ## - DEWEY DECIMAL CLASSIFICATION NUMBER
Classification number 629.892 FUK
100 ## - MAIN ENTRY--PERSONAL NAME
Personal name Fukuda, Toshio.
9 (RLIN) 69878
245 ## - TITLE STATEMENT
Title Micro-nanorobotic manipulation system and their applications
260 ## - PUBLICATION, DISTRIBUTION, ETC.
Place of publication, distribution, etc. New York
Name of publisher, distributor, etc. Springer
Date of publication, distribution, etc. 2013
300 ## - PHYSICAL DESCRIPTION
Extent x,334 P
650 ## - SUBJECT ADDED ENTRY--TOPICAL TERM
Topical term or geographic name entry element Micro-Nanorobotic Manipulation Systems and Their Applications
9 (RLIN) 69879
700 ## - ADDED ENTRY--PERSONAL NAME
Personal name Arai, Fumihito. Nakajima, Masahiro.
9 (RLIN) 72526
942 ## - ADDED ENTRY ELEMENTS (KOHA)
Koha item type Book
Source of classification or shelving scheme
Holdings
Withdrawn status Lost status Damaged status Not for loan Collection code Permanent Location Current Location Shelving location Date acquired Total Checkouts Full call number Barcode Date last seen Price effective from Koha item type Source of classification or shelving scheme
          College of Electrical & Mechanical Engineering (CEME) College of Electrical & Mechanical Engineering (CEME) General Stacks 02/21/2020   629.892 FUK CEME-50031 06/28/2021 06/28/2021 Book  
          College of Electrical & Mechanical Engineering (CEME) College of Electrical & Mechanical Engineering (CEME) General Stacks 03/11/2020   629.892 FUK SCB-50031 06/28/2021 06/28/2021 Book  
© 2023 Central Library, National University of Sciences and Technology. All Rights Reserved.